Estadísticas para Países más Poblados que Cualquiera de sus Vecinos

Haz click aquí para intentar la prueba.

Estadísticas generales

  • Esta prueba ha sido intentada 4.827 veces
    (3.578 desde el último reinicio)
  • La puntuación promedio es 12 de 17

Estadísticas de respuestas

PaísComparte fronteras con....% Correcto
ChinaAfganistán, Bután, Corea del Norte, India, Kazajistán, Kirguistán, Laos, Mongolia, Myanmar, Nepal, Pakistán, Rusia, Tayikistán, Vietnam
98%
Estados UnidosCanadá, México
97%
BrasilArgentina, Bolivia, Colombia, (Francia), Guyana, Paraguay, Perú, Surinam, Uruguay, Venezuela
96%
AlemaniaAustria, Bélgica, Dinamarca, Francia, Luxemburgo, Países Bajos, Polonia, República Checa, Suiza
91%
SudáfricaBotsuana, Lesoto, Mozambique, Namibia, Suazilandia, Zimbabue
80%
IndonesiaTimor Oriental, Malasia, Papua Nueva Guinea
78%
NigeriaBenin, Camerún, Chad, Níger
76%
EgiptoIsrael, Libia, Sudán
75%
R.D. CongoAngola, Burundi, República Centroafricana, República del Congo, Ruanda, Sudán del Sur Tanzanía, Uganda, Zambia
74%
Reino UnidoIrlanda
72%
SueciaFinlandia, Noruega
61%
ArgeliaLibia, Mali, Marruecos, Mauritania, Níger, Túnez
57%
EtiopíaEritrea, Kenia, Somalia, Sudán, Sudán del Sur, Yibuti
57%
Corea del SurCorea del Norte
56%
HaitíRepública Dominicana
49%
TailandiaCamboya, Laos, Malasia, Myanmar
45%
GhanaBurkina Faso, Costa de Marfil, Togo
22%

Distribución de puntuación

Porcentaje por número respondido

Porcentaje de gente con cada puntuación

Historial de tus puntuaciones

No has intentado esta prueba desde el último reinicio